The pearson guide to quantitative aptitude: (Record no. 163703)
[ view plain ]
| 000 -LEADER | |
|---|---|
| fixed length control field | 00502nam a2200169 4500 |
| 005 - DATE AND TIME OF LATEST TRANSACTION | |
| control field | 20190426120054.0 |
| 020 ## - INTERNATIONAL STANDARD BOOK NUMBER | |
| International Standard Book Number | 8131715035 |
| 035 ## - SYSTEM CONTROL NUMBER | |
| System control number | B-226157 |
| 037 ## - SOURCE OF ACQUISITION | |
| Source of stock number/acquisition | DBAD/PUB |
| 082 ## - DEWEY DECIMAL CLASSIFICATION NUMBER | |
| Classification number | 000 |
| 100 ## - MAIN ENTRY--PERSONAL NAME | |
| Personal name | Khattar,Dinesh |
| 245 ## - TITLE STATEMENT | |
| Title | The pearson guide to quantitative aptitude: |
| Remainder of title | for MBA entrance examination/ |
| Statement of responsibility, etc | by Dinesh Khattar |
| 260 ## - PUBLICATION, DISTRIBUTION, ETC. (IMPRINT) | |
| Place of publication, distribution, etc | New Delhi |
| Date of publication, distribution, etc | 2008 |
| 270 ## - ADDRESS | |
| Address | 482,F.I.E.,patparganj, |
| City | Delhi |
| Postal code | 110092 |
| 300 ## - PHYSICAL DESCRIPTION | |
| Extent | x,843p. |
| Dimensions | 28cms(hbk) |
| 942 ## - ADDED ENTRY ELEMENTS (KOHA) | |
| Source of classification or shelving scheme | Dewey Decimal Classification |
| Item type | English Books |
| Classification part | 000 |
| Call number suffix | KHA |
No items available.
